Impacto físico, social y cultural de la arquitectura

Gespeichert in:
Bibliographische Detailangaben
1. Verfasser: Muntañola i Thornberg, Josep (autor)
Format: Buch
Sprache:Spanisch
Katalanisch
Veröffentlicht: Barcelona UPC 2000
Schriftenreihe:Khora, 2
Schlagworte:
Tags: Tag hinzufügen
Keine Tags, Fügen Sie den ersten Tag hinzu!

MARC

LEADER 00000nam a2200000 a 4500
001 UCL6038
003 CL-VaPUC
008 040326e20000000SP |||||||||||||||||spa|d
020 |a 8483014645 
041 0 7 |a spa  |2 CL-VaPUC 
041 0 7 |a cat  |2 CL-VaPUC 
082 0 4 |a 720.1  |b MUN  |2 21 
100 |a Muntañola i Thornberg, Josep  |e autor  |9 483792 
245 1 0 |a Impacto físico, social y cultural de la arquitectura 
300 |a 165 p 
942 |c BK 
945 |d 20040326 00:00:00  |a cmena 
260 |a Barcelona  |b UPC  |c 2000 
650 0 |a Arquitectura  |9 804558 
650 7 |a TEORIA DE LA ARQUITECTURA  |2 CL-VaPUC  |9 483680 
650 0 |a Filosofía de la arquitectura  |9 267382 
583 |a last modification  |c 20040326 00:00:00  |k Rodrigo Vera 
490 0 |a Khora, 2 
999 |c 308335  |d 308333 
952 |0 0  |1 0  |2 ddc  |4 0  |6 720_100000000000000_MUN_2000  |7 0  |8 P  |9 374767  |a BIBARQ  |b BIBARQ  |d 2019-11-21  |i 398124K  |o 720.1 MUN 2000  |p 398124K  |r 2025-01-20  |w 2019-11-21  |y BK  |k ARQ